Enciclopedia MIT de ciencias cognitivas
Gardado en:
| Main Authors: | , |
|---|---|
| Formato: | Libro |
| Idioma: | Lingua castelá |
| Publicado: |
Madrid
Síntesis
2002
|
| Subjects: | |
| Tags: |
Engadir etiqueta
Sen Etiquetas, Sexa o primeiro en etiquetar este rexistro!
|
MARC
| LEADER | 00000nam a2200000 a 4500 | ||
|---|---|---|---|
| 001 | UCL3712 | ||
| 003 | CL-VaPUC | ||
| 008 | 031205e20020000SP |||||||||||||||||spa|d | ||
| 020 | |a 8477389853 | ||
| 020 | |a 8477389837v.1 | ||
| 020 | |a 8477389845v.2 | ||
| 082 | 0 | 4 | |a 153.03 |b WIL |2 21 |
| 100 | 0 | |a Wilson, Robert A |e author |9 481105 | |
| 700 | 0 | |a Keil, Frank C |e author |9 481106 | |
| 245 | 1 | 0 | |a Enciclopedia MIT de ciencias cognitivas |
| 300 | |a 2 v | ||
| 942 | |c BK | ||
| 945 | |d 20031205 00:00:00 |a cmena | ||
| 260 | |a Madrid |b Síntesis |c 2002 | ||
| 500 | |a v.1: A-L | ||
| 500 | |a v.2: M-Z | ||
| 650 | 0 | |a Procesos mentales superiores |9 330839 | |
| 650 | 0 | |a Cognición |9 270347 | |
| 650 | 0 | |a Aprendizaje |9 254827 | |
| 650 | 0 | |a Enciclopedias |9 264135 | |
| 583 | |a last modification |c 20031205 00:00:00 |k Rodrigo Vera | ||
| 999 | |c 306722 |d 306720 | ||
| 952 | |0 0 |1 0 |4 0 |6 153_030000000000000_WIL_2002 |7 0 |8 A |9 371968 |a FDOPOS |b FDOPOS |d 2019-11-21 |h v.1 |i 3972666 |o 153.03 WIL 2002 |p 3972666 |r 2025-01-22 |w 2019-11-21 |y BK |k MLA | ||
| 952 | |0 0 |1 0 |4 0 |6 153_030000000000000_WIL_2002 |7 0 |8 A |9 371969 |a FDOPOS |b BIBEDU |d 2019-11-21 |h v.2 |i 3972674 |l 2 |m 1 |o 153.03 WIL 2002 |p 3972674 |r 2025-01-22 |s 2022-04-07 |w 2019-11-21 |y BK |k MLA | ||